Role of youth in Pakistan politics (1999-2013) (M. Phil program) ][+CD] (Record no. 86689)
[ view plain ]
| 000 -LEADER | |
|---|---|
| fixed length control field | 00539nam a22001697a 4500 |
| 005 - DATE AND TIME OF LATEST TRANSACTION | |
| control field | 20160804100904.0 |
| 008 - FIXED-LENGTH DATA ELEMENTS--GENERAL INFORMATION | |
| fixed length control field | 160804b xxu||||| |||| 00| 0 eng d |
| 040 ## - CATALOGING SOURCE | |
| Transcribing agency | PK-LaUMT |
| 082 ## - DEWEY DECIMAL CLASSIFICATION NUMBER | |
| Classification number | TP 320.95491 |
| Item number | ZUH-R |
| 100 ## - MAIN ENTRY--PERSONAL NAME | |
| Personal name | Zuhaib Afzal, Muhammad |
| 245 ## - TITLE STATEMENT | |
| Title | Role of youth in Pakistan politics (1999-2013) (M. Phil program) ][+CD] |
| Statement of responsibility, etc | Muhamamd Zuhaib Afzal |
| 260 ## - PUBLICATION, DISTRIBUTION, ETC. (IMPRINT) | |
| Place of publication, distribution, etc | Lahore: |
| Name of publisher, distributor, etc | UMT, Department of Political Science, |
| Date of publication, distribution, etc | 2015 |
| 300 ## - PHYSICAL DESCRIPTION | |
| Extent | 94 p. |
| 650 ## - SUBJECT ADDED ENTRY--TOPICAL TERM | |
| Topical term or geographic name as entry element | Department of Pol Sc |
| 700 ## - ADDED ENTRY--PERSONAL NAME | |
| Personal name | Muhammad Owais (Supervisor) |
| 942 ## - ADDED ENTRY ELEMENTS (KOHA) | |
| Koha item type | Theses and Term Papers |
| Withdrawn status | Lost status | Damaged status | Home library | Current library | Date acquired | Full call number | Barcode | Date last seen | Price effective from | Koha item type |
|---|---|---|---|---|---|---|---|---|---|---|
| UMT Main Campus | UMT Main Campus | 2016-08-04 | 320.95491 ZUH-R | 101508 | 2016-08-04 | 2016-08-04 | Books |
